000 00437nam a22001697a 4500
003 MPLRDC
005 20220104124400.0
008 210129b ||||| |||| 00| 0 eng d
082 _a854.4 ZGJJ
100 _a中国戏剧家协会广东分会编
245 _a粤剧故事集
_c
250 _a一版一刷
260 _a
_b花城出版社
_c1984
300 _b
650 _a剧本--皮簧平剧(京调)
942 _cBK
_o854.4 ZGJJ
999 _c18887
_d18877